000 00736nam a2200229 u 4500
005 20240830063856.0
008 120704s2000 es r 000 0 spa d
020 _a9781407581002
035 _aUPN01000185702
049 _aCG
050 4 _aNC765
_bC3.2
100 1 _aCarter, Daniel
_942137
245 0 0 _aAnatomía para el artista /
_cDaniel Carter ; il. Michael Courtney ; tr. David Egea.
260 _a[China] :
_bParragon,
_c[2000?].
300 _a160 p. :
_bil.
650 4 _aEn la portada dice: "Una guía exhaustiva para el dibujo del cuerpo humano"
650 4 _aANATOMIA ARTISTICA
_9564
650 4 _aFigura humana en el arte
_918057
650 4 _aDibujo
_xEstudio y enseñanza
_913
905 _aLibro
999 _c157805
_d157805